Rice production in Cambodia / (Record no. 12089)

000 -LEADER
fixed length control field 00484cam a2200169 a 4500
020 ## - INTERNATIONAL STANDARD BOOK NUMBER
ISBN 9712201007
040 ## - CATALOGING SOURCE
Transcribing agency DJB
082 ## - DEWEY DECIMAL CLASSIFICATION NUMBER
Classification number 633 INT 1997 A41 Or.
245 00 - TITLE STATEMENT
Title Rice production in Cambodia /
260 ## - PUBLICATION, DISTRIBUTION, ETC. (IMPRINT)
Place of publication Manila :
Name of publisher International Rice Research Institute,
Year of publication 1997.
300 ## - PHYSICAL DESCRIPTION
Number of Pages iii, 112 p. :
Other physical details col. ill, maps ;
Dimensions 26 cm.
500 ## - GENERAL NOTE
General note "Cambodia-IRRI-Australia Project."
650 #0 - SUBJECT ADDED ENTRY--TOPICAL TERM
Topical Term Rice
700 1# - ADDED ENTRY--PERSONAL NAME
Personal name Nesbitt, H. J.
710 2# - ADDED ENTRY--CORPORATE NAME
Corporate name or jurisdiction name as entry element Cambodia-IRRI-Australia Project.
942 ## - ADDED ENTRY ELEMENTS (KOHA)
Koha item type សៀវភៅភាសាអង់គ្លេស
952 ## - LOCATION AND ITEM INFORMATION (KOHA)
Withdrawn status [LOCAL, KOHA] 0
952 ## - LOCATION AND ITEM INFORMATION (KOHA)
Withdrawn status [LOCAL, KOHA] 0
Holdings
Permanent Location Date acquired Koha item type Lost status Shelving location Barcode Current Location Full call number
Library Block A2017-08-10សៀវភៅភាសាអង់គ្លេស A041A20698Library Block A633 INT 1997 A041 Or.
Library Block A2017-08-11សៀវភៅភាសាអង់គ្លេស A041A17653Library Block A633 INT 1997 A041 Or.
មជ្ឈមណ្ឌលឯការនៃសាកលវិទ្យាល័យភូមិន្ទកសិកម្មចំការដូង

Powered by Koha